Wszystkie skiny do MP5-SD w CS:GO - Statystyki

Ogólne statystyki
  • Ten quiz został rozwiązany 4 razy
  • Średni wynik to 7 z 12
Statystyki odpowiedzi
Rodzaj (Kolor) Skin % Poprawnych
Fioletowy Agent
100%
Niebieski Desert Strike
100%
Różowy Phosphor
100%
Niebieski Bamboo Garden
67%
Fioletowy Lab Rats
67%
Niebieski Nitro
67%
Niebieski Condition Zero
33%
Niebieski Co-Processor
33%
Niebieski Dirt Drop
33%
Fioletowy Gauss
33%
Fioletowy Kitbash
33%
Niebieski Acid Wash
0%
Nie znaleziono quizów pasujących do podanych kryteriów
Rozkład punktacji
Procent ludzi z każdym wynikiem
Percentyl według liczby udzielonych odpowiedzi
Twoja historia wyników
Nie rozwiązałeś tego quizu